Základy modelování válečně ekonomických jevů a procesů učební text
Na minha lista:
| Autor principal: | |
|---|---|
| Formato: | Livro |
| Idioma: | tcheco |
| Publicado em: |
Bratislava
Vojenská politická akadémia Klementa Gottwalda
1979
|
| Tags: |
Sem tags, seja o primeiro a adicionar uma tag!
|
MARC
| LEADER | 00000nam a2200000 4500 | ||
|---|---|---|---|
| 001 | 0220587 | ||
| 005 | 20240822101658.1 | ||
| 041 | 0 | |a cze | |
| 044 | |a SK | ||
| 245 | 1 | 0 | |a Základy modelování válečně ekonomických jevů a procesů |b učební text |c Jiří Staníček |
| 264 | 1 | |a Bratislava |b Vojenská politická akadémia Klementa Gottwalda |c 1979 | |
| 300 | |a 84 s. | ||
| 100 | 1 | |a Staníček, Jiří | |